| 000 | 00470cam a2200193ua 4500 | ||
|---|---|---|---|
| 001 | 9160 | ||
| 005 | 20260515114432.0 | ||
| 008 | 150223n ii |||gr||||Z||||||asm | ||
| 040 | _cMAIN | ||
| 041 | _aasm | ||
| 082 | _a891.4513S | ||
| 100 |
_aSarma, B. Kr., _eAuthor. |
||
| 245 | 1 |
_aAmelene _cBy Bibhuti Kr. Sarma |
|
| 250 | _a1st. | ||
| 260 |
_aDibrugarh: _bBhattacharyya, _c2008. |
||
| 300 | _a70p. | ||
| 653 | _aEast Indo-European & Celtic literatures | ||
| 942 | _cBK | ||
| 999 |
_c8223 _d8223 |
||